书目信息 |
| 题名: |
微积分典型问题分析与习题精选
|
|
| 作者: | 于新凯 , 金少华 , 郭献洲 主编 | |
| 分册: | ||
| 出版信息: | 天津 天津大学出版社 2009.09 |
|
| 页数: | 343页 | |
| 开本: | 24cm | |
| 丛书名: | ||
| 单 册: | ||
| 中图分类: | O172 | |
| 科图分类: | ||
| 主题词: | 微积分--wei ji fen--高等学校--教学参考资料 | |
| 电子资源: | ||
| ISBN: | 978-7-5618-3214-1 | |
| 000 | 01444nam0 2200253 450 | |
| 001 | 012010455283 | |
| 005 | 20100103113140.18 | |
| 010 | @a978-7-5618-3214-1@dCNY39.00 | |
| 100 | @a20100103d2009 em y0chiy0120 ea | |
| 101 | 0 | @achi |
| 102 | @aCN@b120000 | |
| 105 | @ay z 000yy | |
| 106 | @ar | |
| 200 | 1 | @a微积分典型问题分析与习题精选@Awei ji fen dian xing wen ti fen xi yu xi ti jing xuan@f于新凯, 金少华, 郭献洲主编@Fyu xin kai,jin shao hua,guo xian zhou zhu bian |
| 210 | @a天津@c天津大学出版社@d2009.09 | |
| 215 | @a343页@d24cm | |
| 330 | @a本书与同济大学的面向21世纪课程教材——《微积分》相配合,共安排23讲。每讲含主要内容、教学要求、学习重点、思考问题、典型题分析、练习题及练习题解答等7部分。“主要内容”是各讲涉及的相关内容;“教学要求”的主要依据是全国工科数学教学指导委员会的指导意见和现行教学大纲;“学习重点”是初学微积分时应重点予以注意的内容,也是基本的要求;“思考问题”是与各讲内容相关的典型疑难问题,理解这些问题有助于加强对基本知识的掌握和理解;“典型题分析”精选了具有代表性的题目,通过剖析、解答,归纳解题思路与技巧,培养学生分析问题和解决问题的能力;“练习题”的选取既注重培养学生的基本解题技巧,又注意培养综合运用能力。另外每章附有总复习题。 | |
| 606 | 0 | @a微积分@Awei ji fen@x高等学校@j教学参考资料 |
| 690 | @aO172@v4 | |
| 701 | 0 | @a于新凯@Ayu xin kai@4主编 |
| 701 | 0 | @a金少华@Ajin shao hua@4主编 |
| 701 | 0 | @a郭献洲@Aguo xian zhou@4主编 |
| 801 | 0 | @aCN@bQSSK@c20100103 |
| 905 | @b770029-31@dO172@eY726@f3 | |
| 微积分典型问题分析与习题精选/于新凯, 金少华, 郭献洲主编.-天津:天津大学出版社,2009.09 |
| 343页;24cm |
| ISBN 978-7-5618-3214-1:CNY39.00 |
| 本书与同济大学的面向21世纪课程教材——《微积分》相配合,共安排23讲。每讲含主要内容、教学要求、学习重点、思考问题、典型题分析、练习题及练习题解答等7部分。“主要内容”是各讲涉及的相关内容;“教学要求”的主要依据是全国工科数学教学指导委员会的指导意见和现行教学大纲;“学习重点”是初学微积分时应重点予以注意的内容,也是基本的要求;“思考问题”是与各讲内容相关的典型疑难问题,理解这些问题有助于加强对基本知识的掌握和理解;“典型题分析”精选了具有代表性的题目,通过剖析、解答,归纳解题思路与技巧,培养学生分析问题和解决问题的能力;“练习题”的选取既注重培养学生的基本解题技巧,又注意培养综合运用能力。另外每章附有总复习题。 |
| ● |
| 相关链接 |
|
|
|
正题名:微积分典型问题分析与习题精选
索取号:O172/Y726
 
预约/预借
| 序号 | 登录号 | 条形码 | 馆藏地/架位号 | 状态 | 备注 |
| 1 | 770029 | 207700291 | 自科库401/401自科库 44排1列4层/ [索取号:O172/Y726] | 在馆 | |
| 2 | 770030 | 207700308 | 自科库401/401自科库 44排1列4层/ [索取号:O172/Y726] | 在馆 | |
| 3 | 770031 | 207700317 | 自科库401/401自科库 44排1列4层/ [索取号:O172/Y726] | 在馆 |